জোছনা ও জননীর গল্প /

書目詳細資料
主要作者: আহমেদ, হুমায়ূন, ১৯৪৮-২০১২
格式: 圖書
語言:Bengali
出版: ঢাকা : অন্য প্রকাশ, ২০১০ [নবম মুদ্রণ ২০১৮]; ২০০৪ [দশম মুদ্রণ ২০২০].
版:দ্বিতীয় সংস্করণ.
主題:
Classic Catalogue: View this record in Classic Catalogue
LEADER 02532nam a22003737i 4500
001 28909
003 BD-DhAAL
005 20251105171051.0
008 150222r20202004bg 000 1 ben
020 |a 9789845021326 
040 |a DLC  |b eng  |e rda  |c DLC  |d DLC  |d BD-DhAAL 
041 |a ben 
042 |a lcode 
082 |a 891.44371  |2 23 
100 1 |a আহমেদ, হুমায়ূন,  |d ১৯৪৮-২০১২.  |9 6691 
245 1 0 |a জোছনা ও জননীর গল্প /  |c হুমায়ূন আহমেদ. 
250 |a দ্বিতীয় সংস্করণ. 
260 |a ঢাকা :  |b অন্য প্রকাশ,  |c ২০১০ [নবম মুদ্রণ ২০১৮];  |c ২০০৪ [দশম মুদ্রণ ২০২০]. 
300 |a ৫২৮ পৃষ্ঠা ;  |c ২২ সে.মি. 
500 |a Novel. 
526 |a Residential Campus GenEd (Residential Campus)  
541 |a Development Book Agency, Donated By Akbar Ali Khan  |e 28909, 34831, 38498, 40701 
546 |a In Bengali. 
650 |a Bengali fiction  |z Bangladesh.  |9 21644 
650 |a Bengali Literature. 
852 |a Ayesha Abed Library  |c General Stacks 
942 |2 ddc  |c BK 
999 |c 33770  |d 33770 
952 |0 0  |1 0  |2 ddc  |4 0  |6 891_443710000000000_AHA  |7 0  |9 52740  |a BRACUL  |b BRACUL  |c GEN  |d 2015-02-22  |e BRAC Institute of Language (BIL)  |l 11  |m 127  |o 891.44371 AHA  |p 3010028909  |q 2026-06-02  |r 2026-04-18  |s 2026-04-18  |t 1  |w 2015-02-22  |y BK  |x Transferred from BIL to BRACUL on 06/06/22 
952 |0 0  |1 0  |2 ddc  |4 0  |6 891_443710000000000_AHM  |7 0  |9 60741  |a BRACUL  |b BRACUL  |c GEN  |d 2017-05-22  |e Paragon Enterprises  |g 660.00  |l 18  |m 145  |o 891.44371 AHM  |p 3010031680  |r 2025-07-08  |s 2025-02-12  |t 2  |v 660.00  |w 2017-05-22  |y BK 
952 |0 0  |1 0  |2 ddc  |4 0  |6 891_443710000000000_AHM  |7 0  |9 60742  |a BRACUL  |b BRACUL  |c GEN  |d 2017-05-22  |e Paragon Enterprises  |g 660.00  |l 27  |m 184  |o 891.44371 AHM  |p 3010031681  |r 2026-05-05  |s 2025-10-13  |t 3  |v 660.00  |w 2017-05-22  |y BK 
952 |0 0  |1 0  |2 ddc  |4 0  |6 891_443710000000000_AHM  |7 0  |9 65678  |a SCL  |b SCL  |c GEN  |d 2019-07-17  |e Development Book Agency  |g 660.00  |l 16  |m 48  |o 891.44371 AHM  |p 3020034831  |r 2026-04-26  |s 2026-04-25  |t 4  |v 660.00  |w 2019-07-17  |y BK 
952 |0 0  |1 0  |2 ddc  |4 0  |6 891_443710000000000_AHM  |7 1  |9 70867  |a BRACUL  |b BRACUL  |c AAKC  |d 2022-06-09  |e Donated by Akbar Ali Khan  |l 4  |o 891.44371 AHM  |p 3010038498  |r 2025-09-24  |s 2025-09-08  |t 5  |w 2022-06-09  |y BK 
952 |0 0  |1 0  |2 ddc  |4 0  |6 891_443710000000000_AHM  |7 0  |9 72793  |a SCL  |b SCL  |c GEN  |d 2023-01-06  |e Development Book Agency  |g 704.00  |l 12  |m 29  |o 891.44371 AHM  |p 3020040701  |r 2026-03-07  |s 2026-02-17  |t 6  |v 704.00  |w 2023-01-06  |y BK